000 00710cam a22002413a 4500
001 4298
003 PGUSA
005 20140828083051.0
008 030701s2003||||xxu|||||s|||||000 1 eng d
040 _aPGUSA
_beng
042 _adc
050 4 _aPR
100 1 _aGissing, George,
_d1857-1903
245 1 4 _aThe Paying Guest
_h[electronic resource] /
_cGeorge Gissing
260 _bProject Gutenberg,
_c2003
506 _aPublic domain in the USA.
516 _aElectronic text
653 _aEngland -- Social life and customs -- 19th century -- Fiction
653 _aEnglish fiction -- 19th century
830 0 _aProject Gutenberg
_v4298
856 4 0 _uhttp://www.gutenberg.org/ebooks/4298
942 _cEB
999 _c233627
_d233627